Welcome to the NCPD Library & Documentation Unit

A review of abortion in Kenya / (Record no. 1992)

MARC details
000 -LEADER
fixed length control field 00383nam a2200145 a 4500
050 00 - LIBRARY OF CONGRESS CALL NUMBER
Classification number HQ767.5.K4
100 1# - MAIN ENTRY--AUTHOR NAME
Personal name Lema, Valentino M.
245 12 - TITLE STATEMENT
Title A review of abortion in Kenya /
260 ## - PUBLICATION, DISTRIBUTION, ETC. (IMPRINT)
Place of publication Nairobi :
Name of publisher Centre for the Study of Adolescence,
Year of publication [1992]
300 ## - PHYSICAL DESCRIPTION
Number of Pages viii, 118 p. ;
500 ## - GENERAL NOTE
General note "March 1992.
650 #0 - SUBJECT ADDED ENTRY--TOPICAL TERM
Topical Term Abortion
700 2# - ADDED ENTRY--PERSONAL NAME
Personal name Kebeberi-Macharia, Janet W.
942 ## - ADDED ENTRY ELEMENTS (KOHA)
Koha item type Long Loan Books

No items available.